| 000 | 00573nam a2200217 a 4500 | ||
|---|---|---|---|
| 999 |
_c5941 _d5941 |
||
| 001 | 5941 | ||
| 003 | BD-JhCC | ||
| 005 | 20171231095415.0 | ||
| 008 | 171231s1994 n |||| || | 001 0 eng d | ||
| 035 | _a(BD-JhCC)5941 | ||
| 040 |
_aBD-JhCC _dBD-JhCC |
||
| 041 | _aeng | ||
| 082 |
_a519.72 _bGAS 1994 |
||
| 100 | _aGass, Saul I. | ||
| 245 |
_aLinear Programming Methods and Applications / _cSaul I. Gass, |
||
| 260 |
_aNew York : _bMcGraw-Hill Book Company, _c1994. |
||
| 300 |
_a531 p. : _c22 cm. |
||
| 650 | _aLinear Programming | ||
| 942 |
_2ddc _cBK |
||